000 00268nam a2200121Ia 4500
008 190216s9999||||xx |||||||||||||| ||und||
100 _aAbraham P
245 0 _aCardamon In India
260 _bLongman &green &co
_c1965
300 _a46
650 _aBotany
942 _cBK
999 _c1239
_d1239